To Live or Die in the US Quiz Stats

 Plays Quiz Updated Oct 11, 2018

Challenge
Share
Tweet
Embed
Score 0/51 Timer 04:00
0 Plays Today
State (L)ife or (D)eath % Correct
Texas???
85%
Alabama???
81.6%
Mississippi???
80.5%
Louisiana???
79.6%
Georgia???
79.4%
Oklahoma???
78.9%
Arkansas???
78.5%
Tennessee???
78.4%
South Carolina???
77.3%
Kentucky???
77.3%
Hawaii???
75.5%
Rhode Island???
74.8%
Arizona???
74.4%
Florida???
73.5%
Vermont???
73.5%
Kansas???
72.9%
Massachusetts ???
72.5%
Maine???
72.5%
Missouri???
72.3%
North Carolina???
71.6%
Nebraska???
69.4%
Nevada???
69.2%
*District of Columbia???
69.1%
Wyoming???
67.2%
Virginia???
66.3%
Montana???
65%
State (L)ife or (D)eath % Correct
New York???
64.2%
New Jersey???
63.3%
Utah???
62.7%
Idaho???
62%
South Dakota???
62%
Minnesota???
61.1%
Wisconsin???
58.7%
Indiana???
57.8%
Michigan???
55.7%
Illinois???
55.2%
Colorado???
54%
Ohio???
53.5%
California???
46.5%
Maryland???
46.5%
Alaska???
45.9%
Iowa???
45.7%
Connecticut???
44.5%
Pennsylvania???
41.7%
Oregon???
36.6%
North Dakota???
36.5%
Washington???
35.6%
New Mexico???
30.3%
Delaware???
29.9%
West Virginia???
28.5%
New Hampshire???
27.9%

You're not logged in!

Compare scores with friends on all Sporcle quizzes.
OR
Log In

You Might Also Like...

Show Comments

Extras

Top Quizzes Today


Score Distribution

Your Account Isn't Verified!

In order to create a playlist on Sporcle, you need to verify the email address you used during registration. Go to your Sporcle Settings to finish the process.

Report this User

Report this user for behavior that violates our Community Guidelines.

Details: